00402nam a22000977a 4500100007800000245009600078260002700174300000900201650006100210856003300271 aMujahid Hussain Lasharia19MCEM10aSupervisor - Prof.Dr. Noor Ahmed Memon aDevelopment of Fiber Reinforced Self Compacted Concrete Containing Nylon Fibers (ME Thesis) aNawabshahbQUESTc2021 a40p. aFiber Reinforced SelfaConcrete Containing Nylon Fibers  uhttps://tinyurl.com/5dzh6u4z